000 00499cam a2200169 4500500
005 20251012032642.0
041 _afre
042 _adc
100 1 0 _aMontamat, Béatrice
_eauthor
700 1 0 _a Motoret, Laurence
_eauthor
700 1 0 _a Vieira, António
_eauthor
245 0 0 _aPages de début
260 _c2025.
500 _a62
786 0 _nSigila | 55 | 1 | 2025-05-06 | p. 3-11 | 1286-1715
856 4 1 _uhttps://shs.cairn.info/revue-sigila-2025-1-page-3?lang=fr&redirect-ssocas=7080
999 _c1547979
_d1547979